[Event "2023 US National Elementary K-6 Championship"]
[Site "Baltimore, Maryland, United States"]
[Date "2023.05.14"]
[Round "6.18"]
[White "Yue, Tariq"]
[Black "Qu, Brian"]
[Result "1-0"]
[TimeControl "G/90; d10"]
[WhiteElo "2041"]
[BlackElo "1636"]

1. d4 {[%clk 01:30:00]} {[%emt 00:00:07]} Nf6 {[%clk 01:29:54]} {[%emt
00:00:30]} 2. c4 {[%clk 01:30:00]} g6 {[%clk 01:29:49]} {[%emt 00:00:05]} 3.
Nc3 {[%clk 01:30:00]} {[%emt 00:00:25]} d5 {[%clk 01:29:32]} {[%emt 00:00:13]}
4. cxd5 {[%clk 01:28:49]} {[%emt 00:01:25]} Nxd5 {[%clk 01:29:29]} {[%emt
00:00:14]} 5. Nf3 {[%clk 01:28:08]} {[%emt 00:00:46]} Bg7 {[%clk 01:28:39]}
{[%emt 00:01:00]} 6. e3 {[%clk 01:26:35]} {[%emt 00:01:45]} Nxc3 {[%clk
01:26:32]} {[%emt 00:02:30]} 7. bxc3 {[%clk 01:26:34]} c5 {[%clk 01:25:37]}
{[%emt 00:01:01]} 8. Bd3 {[%clk 01:23:29]} {[%emt 00:03:14]} Nc6 {[%clk
01:24:11]} {[%emt 00:01:40]} 9. O-O {[%clk 01:21:35]} {[%emt 00:02:07]} O-O
{[%clk 01:23:57]} {[%emt 00:00:43]} 10. h3 {[%clk 01:16:29]} {[%emt 00:04:50]}
cxd4 {[%clk 01:21:39]} {[%emt 00:02:30]} 11. cxd4 {[%clk 01:14:11]} {[%emt
00:02:26]} e5 {[%clk 01:20:32]} {[%emt 00:01:48]} 12. dxe5 {[%clk 01:11:14]}
{[%emt 00:02:36]} Nxe5 {[%clk 01:20:02]} {[%emt 00:01:05]} 13. Nxe5 {[%clk
01:09:35]} {[%emt 00:01:27]} Bxe5 {[%clk 01:19:55]} {[%emt 00:00:36]} 14. Rb1
{[%clk 01:08:01]} {[%emt 00:01:26]} Qe7 {[%clk 01:14:13]} {[%emt 00:05:49]} 15.
Qf3 {[%clk 01:04:49]} {[%emt 00:03:30]} Rb8 {[%clk 01:11:35]} {[%emt 00:02:55]}
16. Be4 {[%clk 01:02:16]} {[%emt 00:02:31]} b6 {[%clk 01:09:37]} {[%emt
00:02:03]} 17. Bd2 {[%clk 00:57:22]} {[%emt 00:05:08]} Rd8 {[%clk 01:07:35]}
{[%emt 00:02:10]} 18. Bb4 {[%clk 00:54:29]} {[%emt 00:03:03]} Qf6 {[%clk
01:06:05]} {[%emt 00:01:52]} 19. Qe2 {[%clk 00:51:20]} {[%emt 00:03:31]} Qh4
{[%clk 01:04:48]} {[%emt 00:01:12]} 20. f4 {[%clk 00:49:20]} {[%emt 00:02:14]}
Bg7 {[%clk 01:03:33]} {[%emt 00:01:17]} 21. Rbc1 {[%clk 00:44:15]} {[%emt
00:05:24]} Be6 {[%clk 01:01:15]} {[%emt 00:02:20]} 22. Rc7 {[%clk 00:41:39]}
{[%emt 00:02:41]} Rd7 {[%clk 00:59:39]} {[%emt 00:01:51]} 23. Rfc1 {[%clk
00:36:50]} {[%emt 00:04:53]} a5 {[%clk 00:55:40]} {[%emt 00:04:09]} 24. Ba3
{[%clk 00:32:25]} {[%emt 00:04:39]} Qd8 {[%clk 00:53:18]} {[%emt 00:02:33]} 25.
R7c2 {[%clk 00:30:03]} {[%emt 00:02:25]} f5 {[%clk 00:46:08]} {[%emt 00:07:43]}
26. Bc6 {[%clk 00:27:16]} {[%emt 00:02:34]} Rd3 {[%clk 00:42:22]} {[%emt
00:04:03]} 27. Be7 {[%clk 00:26:29]} {[%emt 00:00:53]} Qxe7 {[%clk 00:35:39]}
{[%emt 00:06:54]} 28. Qxd3 {[%clk 00:26:08]} {[%emt 00:00:26]} Rd8 {[%clk
00:35:22]} {[%emt 00:00:28]} 29. Qe2 {[%clk 00:24:28]} {[%emt 00:01:50]} Qa3
{[%clk 00:33:40]} {[%emt 00:01:53]} 30. Bb5 {[%clk 00:20:55]} {[%emt 00:03:45]}
Bxa2 {[%clk 00:32:50]} {[%emt 00:01:28]} 31. Rc8 {[%clk 00:18:33]} {[%emt
00:02:11]} Rxc8 {[%clk 00:28:23]} {[%emt 00:05:00]} 32. Rxc8+ {[%clk 00:18:28]}
{[%emt 00:00:04]} Bf8 {[%clk 00:28:14]} {[%emt 00:00:03]} 33. Bc4+ {[%clk
00:09:39]} {[%emt 00:08:55]} Bxc4 {[%clk 00:27:55]} {[%emt 00:00:26]} 34. Qxc4+
{[%clk 00:09:39]} {[%emt 00:00:38]} Kg7 {[%clk 00:27:41]} {[%emt 00:00:04]} 35.
Rc7+ {[%clk 00:09:25]} {[%emt 00:00:38]} Kh6 {[%clk 00:26:24]} {[%emt
00:01:27]} 36. Qf7 {[%clk 00:06:52]} {[%emt 00:02:22]} Qxe3+ {[%clk 00:25:53]}
{[%emt 00:01:17]} 37. Kh1 {[%clk 00:06:52]} Qxf4 {[%clk 00:25:14]} {[%emt
00:00:16]} 38. Qxf8+ {[%clk 00:06:31]} {[%emt 00:00:34]} Kg5 {[%clk 00:23:57]}
{[%emt 00:01:26]} 39. Qe7+ {[%clk 00:06:25]} {[%emt 00:00:24]} Kh5 {[%clk
00:23:25]} {[%emt 00:00:33]} 40. Qxh7+ {[%emt 00:00:31]} Kg5 {[%clk 00:23:13]}
{[%emt 00:00:05]} 41. Qe7+ {[%clk 00:05:50]} {[%emt 00:00:41]} Kh5 {[%clk
00:22:56]} {[%emt 00:00:26]} 42. Rc3 {[%clk 00:05:35]} {[%emt 00:00:25]} a4
{[%clk 00:21:53]} {[%emt 00:01:13]} 43. h4 {[%clk 00:03:51]} {[%emt 00:01:56]}
Qf1+ {[%clk 00:21:00]} {[%emt 00:01:03]} 44. Kh2 {[%clk 00:03:51]} {[%emt
00:00:11]} Qf4+ {[%clk 00:19:57]} {[%emt 00:01:09]} 45. Rg3 {[%clk 00:03:51]}
{[%emt 00:00:24]} b5 {[%clk 00:18:33]} {[%emt 00:01:19]} 46. Qh7+ {[%clk
00:03:51]} {[%emt 00:00:07]} Qh6 {[%clk 00:18:31]} {[%emt 00:00:09]} 47. Rg5+
{[%clk 00:03:51]} {[%emt 00:00:13]} Kxh4 {[%clk 00:18:16]} {[%emt 00:00:27]} 48.
Qxh6# 1-0

[Event "2023 US National Elementary K-6 Championship"]
[Site "Baltimore, Maryland, United States"]
[Date "2023.05.14"]
[Round "6.9"]
[White "Wang, Connor"]
[Black "Radhakrishnan, Sharath"]
[Result "1/2-1/2"]
[TimeControl "G/90; d10"]
[WhiteElo "1869"]
[BlackElo "2081"]

1. e4 {[%clk 01:30:00]} {[%emt 00:08:24]} e5 {[%clk 01:30:00]} {[%emt
00:00:02]} 2. Nf3 {[%clk 01:30:00]} {[%emt 00:00:04]} Nc6 {[%clk 01:30:00]}
{[%emt 00:00:08]} 3. d4 {[%clk 01:30:00]} {[%emt 00:00:04]} exd4 {[%clk
01:30:00]} {[%emt 00:00:06]} 4. Nxd4 {[%clk 01:30:00]} {[%emt 00:00:05]} Nf6
{[%clk 01:30:00]} {[%emt 00:00:08]} 5. Nxc6 {[%clk 01:30:00]} {[%emt 00:00:04]}
bxc6 {[%clk 01:30:00]} {[%emt 00:00:04]} 6. e5 {[%clk 01:30:00]} {[%emt
00:00:04]} Qe7 {[%clk 01:30:00]} {[%emt 00:00:08]} 7. Qe2 {[%clk 01:30:00]}
{[%emt 00:00:04]} Nd5 {[%clk 01:30:00]} {[%emt 00:00:04]} 8. h4 {[%clk
01:30:00]} {[%emt 00:00:04]} d6 {[%clk 01:29:55]} {[%emt 00:00:16]} 9. c4
{[%emt 00:03:00]} Ba6 {[%clk 01:27:06]} {[%emt 00:02:56]} 10. exd6 {[%clk
01:22:30]} {[%emt 00:04:53]} Qxe2+ {[%clk 01:27:06]} {[%emt 00:00:06]} 11. Bxe2
{[%clk 01:22:27]} {[%emt 00:00:13]} Nb4 {[%clk 01:27:06]} {[%emt 00:00:07]} 12.
Na3 {[%clk 01:16:17]} {[%emt 00:06:20]} Bxd6 {[%clk 01:21:17]} {[%emt
00:05:59]} 13. O-O {[%clk 01:11:04]} {[%emt 00:05:22]} O-O-O {[%clk 01:18:49]}
{[%emt 00:02:37]} 14. Be3 {[%clk 01:06:03]} {[%emt 00:05:13]} Rhe8 {[%clk
01:15:12]} {[%emt 00:03:46]} 15. Rfe1 {[%clk 00:53:54]} {[%emt 00:12:20]} c5
{[%clk 01:03:36]} {[%emt 00:11:45]} 16. Rec1 {[%emt 00:02:46]} f5 {[%clk
00:48:57]} {[%emt 00:14:46]} 17. Nb5 {[%clk 00:45:05]} {[%emt 00:06:28]} Be5
{[%clk 00:46:35]} {[%emt 00:02:32]} 18. Bxc5 {[%clk 00:43:28]} {[%emt
00:01:46]} Bxb2 {[%clk 00:46:11]} {[%emt 00:00:32]} 19. Nxa7+ {[%clk 00:39:44]}
{[%emt 00:03:56]} Kb8 {[%clk 00:45:26]} {[%emt 00:00:54]} 20. Bh5 {[%clk
00:33:03]} {[%emt 00:06:52]} Bxc1 {[%clk 00:36:45]} {[%emt 00:08:51]} 21. Rxc1
{[%clk 00:25:16]} {[%emt 00:07:57]} Re5 {[%clk 00:35:54]} {[%emt 00:00:58]} 22.
Bxb4 {[%clk 00:25:10]} {[%emt 00:00:19]} Kxa7 {[%clk 00:35:54]} {[%emt
00:00:04]} 23. Bc3 {[%clk 00:24:52]} {[%emt 00:00:28]} Re4 {[%clk 00:35:45]}
{[%emt 00:00:19]} 24. Bxg7 {[%clk 00:24:23]} {[%emt 00:00:38]} Rxc4 {[%clk
00:34:01]} {[%emt 00:01:52]} 25. Rb1 {[%clk 00:24:23]} {[%emt 00:00:08]} Rg8
{[%clk 00:32:34]} {[%emt 00:01:35]} 26. Bh6 {[%clk 00:23:00]} {[%emt 00:01:35]}
Bb7 {[%clk 00:27:02]} {[%emt 00:05:42]} 27. Bf7 {[%clk 00:19:30]} {[%emt
00:03:40]} Rxg2+ {[%clk 00:26:41]} {[%emt 00:00:32]} 28. Kf1 {[%clk 00:19:30]}
{[%emt 00:00:01]} Rg1+ {[%clk 00:19:57]} {[%emt 00:06:55]} 29. Kxg1 {[%clk
00:17:00]} {[%emt 00:02:39]} Rg4+ {[%clk 00:19:57]} {[%emt 00:00:04]} 30. Kh2
{[%clk 00:16:05]} {[%emt 00:01:04]} Rxh4+ {[%clk 00:19:54]} {[%emt 00:00:14]}
31. Kg3 {[%clk 00:16:05]} {[%emt 00:00:09]} Rxh6 {[%clk 00:19:54]} {[%emt
00:00:08]} 32. Rc1 {[%clk 00:14:09]} {[%emt 00:02:07]} Kb8 {[%clk 00:18:01]}
{[%emt 00:02:03]} 33. Kf4 {[%clk 00:13:04]} {[%emt 00:01:14]} Rf6 {[%clk
00:17:39]} {[%emt 00:00:31]} 34. Bb3 {[%clk 00:10:58]} {[%emt 00:02:17]} h6
{[%clk 00:15:21]} {[%emt 00:02:28]} 35. Ke5 {[%clk 00:09:17]} {[%emt 00:01:51]}
Rf8 {[%clk 00:15:02]} {[%emt 00:00:29]} 36. Rb1 {[%clk 00:08:09]} {[%emt
00:01:18]} Re8+ {[%clk 00:13:36]} {[%emt 00:01:36]} 37. Kf6 {[%clk 00:07:35]}
{[%emt 00:00:44]} Ka7 {[%clk 00:13:02]} {[%emt 00:00:45]} 38. Rc1 {[%clk
00:07:10]} {[%emt 00:00:33]} f4 {[%clk 00:10:24]} {[%emt 00:02:48]} 39. Rxc7
{[%clk 00:07:08]} {[%emt 00:00:13]} Kb6 {[%clk 00:10:22]} {[%emt 00:00:10]} 40.
Re7 {[%clk 00:06:24]} {[%emt 00:00:57]} Rd8 {[%clk 00:09:12]} {[%emt 00:01:19]}
41. Kf5 {[%clk 00:05:28]} {[%emt 00:01:07]} f3 {[%clk 00:09:12]} {[%emt
00:00:05]} 42. Kf4 {[%clk 00:05:20]} {[%emt 00:00:19]} Rd4+ {[%clk 00:08:26]}
{[%emt 00:00:57]} 43. Kg3 {[%clk 00:05:01]} {[%emt 00:00:30]} h5 {[%clk
00:08:04]} {[%emt 00:00:31]} 44. Re6+ {[%clk 00:04:52]} {[%emt 00:00:20]} Ka7
{[%clk 00:07:18]} {[%emt 00:00:55]} 45. Rh6 {[%clk 00:04:46]} {[%emt 00:00:15]}
Rg4+ {[%clk 00:07:14]} {[%emt 00:00:14]} 46. Kh3 {[%clk 00:04:46]} {[%emt
00:00:04]} Rg2 {[%clk 00:05:18]} {[%emt 00:02:15]} 47. Rxh5 {[%clk 00:04:46]}
{[%emt 00:00:07]} Bc8+ {[%clk 00:05:04]} {[%emt 00:00:24]} 48. Kh4 {[%clk
00:04:46]} {[%emt 00:00:09]} Rh2+ {[%clk 00:04:56]} {[%emt 00:00:17]} 49. Kg5
{[%clk 00:04:36]} {[%emt 00:00:21]} Rxf2 {[%clk 00:04:56]} {[%emt 00:00:02]} 50.
Bd5 {[%clk 00:04:18]} {[%emt 00:00:28]} Rf1 {[%clk 00:04:28]} {[%emt 00:00:36]}
51. Rh7+ {[%clk 00:03:59]} {[%emt 00:00:32]} Kb6 {[%clk 00:04:26]} {[%emt
00:00:11]} 52. Rf7 {[%clk 00:03:59]} {[%emt 00:00:02]} Rg1+ {[%clk 00:04:05]}
{[%emt 00:00:27]} 53. Kh4 {[%clk 00:03:38]} {[%emt 00:00:31]} 1/2-1/2

[Event "2023 US National Elementary K-6 Championship"]
[Site "Baltimore, Maryland, United States"]
[Date "2023.05.14"]
[Round "6.12"]
[White "Wu, Andrew"]
[Black "Muthu, Kamatchi"]
[Result "1-0"]
[TimeControl "G/90; d10"]
[WhiteElo "2088"]
[BlackElo "1656"]

1. e4 {[%clk 01:30:00]} {[%emt 00:00:02]} c5 {[%clk 01:30:00]} {[%emt
00:00:05]} 2. Nf3 {[%clk 01:29:54]} {[%emt 00:00:16]} Nc6 {[%clk 01:30:00]}
{[%emt 00:00:06]} 3. Bb5 {[%clk 01:29:53]} {[%emt 00:00:11]} g6 {[%clk
01:29:05]} {[%emt 00:01:05]} 4. O-O {[%clk 01:29:48]} {[%emt 00:00:14]} Bg7
{[%clk 01:28:02]} {[%emt 00:01:13]} 5. Re1 {[%clk 01:29:48]} {[%emt 00:00:09]}
Nf6 {[%clk 01:24:44]} {[%emt 00:03:29]} 6. Bxc6 {[%clk 01:29:13]} {[%emt
00:00:45]} bxc6 {[%clk 01:21:58]} {[%emt 00:02:56]} 7. e5 {[%clk 01:27:37]}
{[%emt 00:01:46]} Nd5 {[%clk 01:21:11]} {[%emt 00:00:57]} 8. c4 {[%clk
01:26:26]} {[%emt 00:01:21]} Nb6 {[%clk 01:20:16]} {[%emt 00:01:04]} 9. d4
{[%clk 01:24:55]} {[%emt 00:01:41]} cxd4 {[%clk 01:17:03]} {[%emt 00:03:24]} 10.
Qxd4 {[%clk 01:22:39]} {[%emt 00:02:26]} O-O {[%clk 01:15:01]} {[%emt
00:02:11]} 11. Nc3 {[%clk 01:20:48]} {[%emt 00:02:02]} d5 {[%clk 01:10:59]}
{[%emt 00:04:12]} 12. c5 {[%clk 01:16:10]} {[%emt 00:04:48]} Nd7 {[%clk
01:10:14]} {[%emt 00:00:56]} 13. Bf4 {[%clk 01:05:05]} {[%emt 00:11:14]} e6
{[%clk 01:07:45]} {[%emt 00:02:39]} 14. b4 {[%clk 01:02:31]} {[%emt 00:02:44]}
Qe7 {[%clk 01:01:52]} {[%emt 00:06:03]} 15. Qe3 {[%clk 01:00:07]} {[%emt
00:02:34]} a5 {[%clk 00:58:27]} {[%emt 00:03:35]} 16. a3 {[%clk 00:59:01]}
{[%emt 00:01:16]} Ba6 {[%clk 00:47:41]} {[%emt 00:10:57]} 17. Nd4 {[%clk
00:56:37]} {[%emt 00:02:33]} Rfc8 {[%clk 00:47:07]} {[%emt 00:00:44]} 18. Bg5
{[%clk 00:54:51]} {[%emt 00:01:55]} Qf8 {[%clk 00:46:55]} {[%emt 00:00:22]} 19.
Bf4 {[%clk 00:54:29]} {[%emt 00:00:32]} Qe7 {[%clk 00:45:26]} {[%emt 00:01:39]}
20. Na4 {[%clk 00:49:48]} {[%emt 00:04:51]} Bc4 {[%clk 00:42:19]} {[%emt
00:03:18]} 21. Nb2 {[%clk 00:48:27]} {[%emt 00:01:31]} Ba6 {[%clk 00:41:32]}
{[%emt 00:00:56]} 22. Bg5 {[%clk 00:42:24]} {[%emt 00:06:14]} Qf8 {[%clk
00:41:22]} {[%emt 00:00:20]} 23. f4 {[%clk 00:41:16]} {[%emt 00:01:18]} Rab8
{[%clk 00:33:56]} {[%emt 00:07:36]} 24. Qc3 {[%clk 00:34:59]} {[%emt 00:06:26]}
Rc7 {[%clk 00:30:55]} {[%emt 00:03:12]} 25. Na4 {[%clk 00:31:22]} {[%emt
00:03:48]} Bc4 {[%clk 00:29:30]} {[%emt 00:01:35]} 26. Nb2 {[%clk 00:30:31]}
{[%emt 00:01:01]} Ba6 {[%clk 00:29:30]} {[%emt 00:00:06]} 27. Bh4 {[%clk
00:29:26]} {[%emt 00:01:14]} Rcc8 {[%clk 00:28:38]} {[%emt 00:01:03]} 28. Na4
{[%clk 00:28:26]} {[%emt 00:01:10]} Bc4 {[%clk 00:28:37]} {[%emt 00:00:11]} 29.
Nb2 {[%clk 00:28:26]} {[%emt 00:00:10]} Ba6 {[%clk 00:28:37]} {[%emt 00:00:06]}
30. Nd1 {[%clk 00:26:12]} {[%emt 00:02:24]} Bc4 {[%clk 00:26:18]} {[%emt
00:02:29]} 31. Ne3 {[%clk 00:25:45]} {[%emt 00:00:37]} Ba6 {[%clk 00:25:40]}
{[%emt 00:00:48]} 32. Ng4 {[%clk 00:24:55]} {[%emt 00:01:00]} Bc4 {[%clk
00:22:28]} {[%emt 00:03:22]} 33. Ne3 {[%clk 00:23:27]} {[%emt 00:01:37]} Ba6
{[%clk 00:22:28]} {[%emt 00:00:06]} 34. Ng4 {[%clk 00:23:27]} {[%emt 00:00:09]}
Bc4 {[%clk 00:22:28]} {[%emt 00:00:04]} 35. Nf6+ {[%clk 00:21:28]} {[%emt
00:02:08]} Nxf6 {[%clk 00:22:24]} {[%emt 00:00:14]} 36. Bxf6 {[%clk 00:20:41]}
{[%emt 00:00:57]} Bxf6 {[%clk 00:19:30]} {[%emt 00:03:05]} 37. exf6 {[%clk
00:20:17]} {[%emt 00:00:33]} Qd8 {[%clk 00:18:36]} {[%emt 00:01:05]} 38. f5
{[%clk 00:19:36]} {[%emt 00:00:51]} e5 {[%clk 00:15:30]} {[%emt 00:04:47]} 39.
Rxe5 {[%clk 00:19:07]} {[%emt 00:00:39]} Qxf6 {[%clk 00:15:30]} {[%emt
00:00:10]} 40. Rae1 {[%clk 00:18:53]} {[%emt 00:00:23]} axb4 {[%clk 00:13:43]}
{[%emt 00:01:57]} 41. axb4 {[%clk 00:18:53]} {[%emt 00:00:07]} Ra8 {[%clk
00:09:56]} {[%emt 00:03:58]} 42. R5e3 {[%clk 00:17:41]} {[%emt 00:01:22]} Kh8
{[%clk 00:08:54]} {[%emt 00:01:11]} 43. Rf3 {[%clk 00:17:20]} {[%emt 00:00:31]}
Qg7 {[%clk 00:06:57]} {[%emt 00:02:07]} 44. fxg6 {[%clk 00:16:44]} {[%emt
00:00:47]} fxg6 {[%clk 00:06:54]} {[%emt 00:00:14]} 45. Re7 {[%clk 00:16:16]}
{[%emt 00:00:37]} Qg8 {[%clk 00:05:26]} {[%emt 00:01:37]} 46. Ne6+ {[%clk
00:16:16]} {[%emt 00:00:09]} Qg7 {[%clk 00:05:09]} {[%emt 00:00:28]} 47. Qxg7#
{[%emt 00:00:06]} 1-0

[Event "2023 US National Elementary K-6 Championship"]
[Site "Baltimore, Maryland, United States"]
[Date "2023.05.14"]
[Round "6.3"]
[White "Zhuang, Kyle"]
[Black "Lin, Benjamin"]
[Result "1/2-1/2"]
[TimeControl "G/90; d10"]
[WhiteElo "1964"]
[BlackElo "1952"]

1. e4 {[%clk 01:30:00]} {[%emt 00:00:06]} e5 {[%clk 01:30:00]} {[%emt
00:00:34]} 2. Nf3 {[%clk 01:30:00]} {[%emt 00:00:13]} Nc6 {[%clk 01:30:00]} 3.
Bb5 {[%clk 01:30:00]} a6 {[%clk 01:29:39]} {[%emt 00:00:13]} 4. Ba4 {[%clk
01:30:00]} {[%emt 00:00:15]} Nf6 {[%clk 01:29:32]} 5. d3 {[%clk 01:30:00]}
{[%emt 00:00:08]} b5 {[%clk 01:29:32]} {[%emt 00:00:07]} 6. Bb3 {[%clk
01:30:00]} {[%emt 00:00:11]} Be7 {[%clk 01:29:08]} {[%emt 00:00:21]} 7. O-O
{[%clk 01:30:00]} {[%emt 00:00:16]} O-O {[%clk 01:29:06]} {[%emt 00:00:05]} 8.
c3 {[%clk 01:30:00]} {[%emt 00:00:17]} d6 {[%clk 01:29:05]} 9. Nbd2 {[%clk
01:30:00]} {[%emt 00:00:04]} Na5 {[%clk 01:29:03]} {[%emt 00:00:09]} 10. Bc2
{[%clk 01:30:00]} {[%emt 00:00:10]} c5 {[%clk 01:29:03]} {[%emt 00:00:04]} 11.
Re1 {[%clk 01:30:00]} {[%emt 00:00:06]} Qc7 {[%clk 01:28:43]} {[%emt 00:00:38]}
12. Nf1 {[%clk 01:29:47]} {[%emt 00:00:12]} Nc6 {[%clk 01:28:12]} {[%emt
00:00:42]} 13. a4 {[%clk 01:29:45]} {[%emt 00:00:25]} Be6 {[%clk 01:15:29]}
{[%emt 00:12:59]} 14. h3 {[%clk 01:28:22]} {[%emt 00:01:13]} Rfe8 {[%clk
01:12:15]} {[%emt 00:03:25]} 15. Ng5 {[%clk 01:25:22]} {[%emt 00:03:10]} d5
{[%clk 00:58:02]} {[%emt 00:14:22]} 16. Nxe6 {[%clk 01:16:11]} {[%emt
00:09:21]} fxe6 {[%clk 00:58:02]} {[%emt 00:00:27]} 17. Ng3 {[%clk 01:14:20]}
{[%emt 00:01:48]} Rad8 {[%clk 00:55:17]} {[%emt 00:03:00]} 18. Bg5 {[%clk
01:03:59]} {[%emt 00:10:23]} h6 {[%clk 00:38:46]} {[%emt 00:16:38]} 19. Bxf6
{[%clk 01:03:59]} {[%emt 00:00:13]} Bxf6 {[%clk 00:38:43]} {[%emt 00:00:13]} 20.
Qg4 {[%clk 01:01:41]} {[%emt 00:02:28]} b4 {[%clk 00:35:19]} {[%emt 00:03:28]}
21. Nh5 {[%clk 00:59:47]} {[%emt 00:02:08]} Qf7 {[%clk 00:32:00]} {[%emt
00:03:34]} 22. d4 {[%clk 00:43:23]} {[%emt 00:16:28]} exd4 {[%clk 00:21:20]}
{[%emt 00:10:49]} 23. exd5 {[%clk 00:43:20]} {[%emt 00:00:18]} Ne5 {[%clk
00:20:49]} {[%emt 00:00:42]} 24. dxe6 {[%clk 00:41:37]} {[%emt 00:01:49]} Rxe6
{[%clk 00:19:55]} {[%emt 00:01:04]} 25. Qf5 {[%clk 00:38:30]} {[%emt 00:03:38]}
Rde8 {[%clk 00:18:02]} {[%emt 00:01:39]} 26. Nxf6+ {[%clk 00:28:00]} {[%emt
00:10:41]} Qxf6 {[%clk 00:12:01]} {[%emt 00:06:11]} 27. Qh7+ {[%clk 00:24:20]}
{[%emt 00:04:24]} Kf7 {[%clk 00:11:29]} {[%emt 00:00:08]} 28. Be4 {[%clk
00:16:37]} {[%emt 00:07:54]} Nd3 {[%clk 00:07:12]} {[%emt 00:04:26]} 29. Re2
{[%clk 00:15:02]} {[%emt 00:01:45]} Nf4 {[%clk 00:07:12]} {[%emt 00:00:06]} 30.
Ree1 {[%clk 00:14:31]} {[%emt 00:00:41]} d3 {[%clk 00:04:40]} {[%emt 00:02:45]}
31. Re3 {[%clk 00:09:22]} {[%emt 00:05:16]} Qg5 {[%clk 00:03:41]} {[%emt
00:01:10]} 32. g4 {[%clk 00:08:43]} {[%emt 00:00:53]} Nxh3+ {[%clk 00:03:11]}
{[%emt 00:00:38]} 33. Rxh3 {[%clk 00:08:02]} {[%emt 00:00:51]} Rxe4 {[%clk
00:03:11]} {[%emt 00:00:03]} 34. Rf3+ {[%clk 00:07:58]} {[%emt 00:00:12]} Rf4
{[%clk 00:02:59]} {[%emt 00:00:22]} 35. Qxd3 {[%clk 00:06:48]} {[%emt
00:01:19]} Qxg4+ {[%clk 00:02:41]} {[%emt 00:00:40]} 36. Rg3 {[%clk 00:06:48]}
Qe6 {[%clk 00:02:33]} {[%emt 00:00:08]} 37. cxb4 {[%clk 00:05:48]} {[%emt
00:01:13]} cxb4 {[%clk 00:02:27]} {[%emt 00:00:16]} 38. Rd1 {[%clk 00:05:15]}
{[%emt 00:00:39]} Rf6 {[%clk 00:02:11]} {[%emt 00:00:26]} 39. Qd7+ {[%clk
00:05:07]} {[%emt 00:00:19]} Re7 {[%clk 00:01:48]} {[%emt 00:00:33]} 40. Qxe6+
{[%clk 00:04:47]} {[%emt 00:00:32]} Rfxe6 {[%clk 00:01:43]} {[%emt 00:00:13]}
41. Rd4 {[%clk 00:04:42]} {[%emt 00:00:38]} a5 {[%clk 00:01:43]} 42. Rf3+
{[%clk 00:04:39]} {[%emt 00:00:03]} Rf6 {[%clk 00:01:40]} {[%emt 00:00:12]} 43.
Rxf6+ {[%clk 00:04:07]} {[%emt 00:00:38]} Kxf6 {[%clk 00:01:40]} {[%emt
00:00:10]} 44. b3 {[%clk 00:03:48]} {[%emt 00:00:23]} Re5 {[%clk 00:01:38]}
{[%emt 00:00:11]} 45. Kg2 {[%clk 00:03:48]} {[%emt 00:00:30]} Kf5 {[%clk
00:01:38]} {[%emt 00:00:03]} 46. Rd7 {[%clk 00:03:48]} g5 {[%clk 00:01:38]} 47.
Rh7 {[%clk 00:03:36]} {[%emt 00:00:05]} Kg6 {[%clk 00:01:38]} {[%emt 00:00:35]}
48. Ra7 {[%clk 00:03:31]} {[%emt 00:00:04]} h5 {[%clk 00:01:38]} 49. Ra6+
{[%clk 00:03:29]} {[%emt 00:00:03]} Kf5 {[%clk 00:01:38]} {[%emt 00:00:04]} 50.
Ra8 {[%clk 00:03:27]} {[%emt 00:00:07]} Rd5 {[%clk 00:01:38]} {[%emt 00:00:10]}
51. Ra7 {[%clk 00:03:27]} {[%emt 00:00:07]} Kg4 {[%clk 00:01:38]} {[%emt
00:00:15]} 52. Ra8 {[%clk 00:03:14]} {[%emt 00:00:17]} Rf5 {[%clk 00:01:31]}
{[%emt 00:00:30]} 53. Rc8 {[%clk 00:02:23]} {[%emt 00:00:47]} h4 {[%clk
00:01:19]} {[%emt 00:00:26]} 54. Rc4+ {[%clk 00:02:23]} {[%emt 00:00:09]} Kh5
{[%clk 00:01:19]} 55. Rc8 {[%clk 00:01:29]} {[%emt 00:01:03]} Rd5 {[%clk
00:01:01]} {[%emt 00:00:28]} 56. Rh8+ {[%clk 00:01:29]} {[%emt 00:00:34]} Kg6
{[%clk 00:01:01]} 57. Ra8 {[%clk 00:01:29]} Kf5 {[%clk 00:01:01]} 58. Rc8
{[%clk 00:01:20]} {[%emt 00:00:10]} Ke4 {[%clk 00:00:54]} {[%emt 00:00:17]} 59.
Rc4+ {[%clk 00:00:56]} {[%emt 00:00:37]} Ke5 {[%clk 00:00:52]} {[%emt
00:00:10]} 60. Rg4 {[%clk 00:00:56]} {[%emt 00:00:12]} Kf5 {[%clk 00:00:52]}
{[%emt 00:00:05]} 61. Rc4 {[%clk 00:00:56]} {[%emt 00:00:39]} Re5 {[%clk
00:00:37]} {[%emt 00:00:04]} 62. Kf3 {[%clk 00:00:40]} {[%emt 00:00:10]} Rd5
{[%clk 00:00:37]} {[%emt 00:00:09]} 63. Kg2 {[%clk 00:00:40]} {[%emt 00:00:03]}
Kg6 {[%clk 00:00:37]} {[%emt 00:00:03]} 64. Rc6+ {[%clk 00:00:40]} {[%emt
00:00:06]} Kf5 {[%clk 00:00:37]} {[%emt 00:00:04]} 65. Rc4 {[%clk 00:00:40]}
{[%emt 00:00:24]} g4 {[%clk 00:00:34]} {[%emt 00:00:03]} 66. Rc8 {[%clk
00:00:38]} Kf4 {[%emt 00:00:18]} 67. Rc4+ {[%clk 00:00:38]} Kf5 {[%clk
00:00:34]} {[%emt 00:00:03]} 68. Rc8 {[%clk 00:00:38]} Re5 {[%clk 00:00:34]}
{[%emt 00:00:04]} 69. Rf8+ {[%clk 00:00:31]} {[%emt 00:00:13]} Kg5 {[%clk
00:00:30]} {[%emt 00:00:23]} 70. Rg8+ {[%clk 00:00:31]} {[%emt 00:00:15]} Kf4
{[%clk 00:00:24]} {[%emt 00:00:10]} 71. Rf8+ {[%clk 00:00:31]} {[%emt
00:00:04]} Rf5 {[%clk 00:00:24]} 72. Rc8 {[%clk 00:00:29]} {[%emt 00:00:04]}
h3+ {[%clk 00:00:24]} {[%emt 00:00:27]} 73. Kg1 {[%clk 00:00:29]} {[%emt
00:00:04]} Kf3 {[%clk 00:00:24]} 74. Rh8 {[%clk 00:00:24]} {[%emt 00:00:08]}
Rf4 {[%clk 00:00:24]} {[%emt 00:00:05]} 75. Rh5 {[%clk 00:00:24]} {[%emt
00:00:09]} Rd4 {[%clk 00:00:23]} {[%emt 00:00:11]} 76. Rf5+ {[%clk 00:00:24]}
{[%emt 00:00:06]} Ke4 {[%clk 00:00:23]} {[%emt 00:00:03]} 77. Rxa5 {[%clk
00:00:21]} {[%emt 00:00:10]} Rd1+ {[%clk 00:00:22]} {[%emt 00:00:09]} 78. Kh2
{[%clk 00:00:21]} {[%emt 00:00:36]} Rb1 {[%clk 00:00:18]} {[%emt 00:00:07]}
1/2-1/2